Statystyki dla Ekstraklasa 2023/24

Kliknij tutaj aby rozwiązać quiz!

Ogólne statystyki

  • Ten quiz został rozwiązany 884 razy
  • Średni wynik to 15 z 18

Statystyki odpowiedzi

KlubyLp% Poprawnych
Legia Warszawa7
99%
Lech Poznań5
98%
Śląsk Wrocław13
92%
Jagiellonia Białystok3
90%
Pogoń Szczecin10
89%
Raków Częstochowa12
89%
Ruch Chorzów8
88%
Widzew Łódź16
88%
Puszcza Niepołomice17
87%
ŁKS Łódź6
85%
Cracovia1
83%
Górnik Zabrze2
83%
Warta Poznań15
83%
Korona Kielce4
80%
Zagłębie Lubin18
77%
Stal Mielec14
76%
Radomiak Radom11
74%
Piast Gliwice9
73%

Rozkład punktacji

Percentyl według liczby udzielonych odpowiedzi

Procent ludzi z każdym wynikiem

Twoja historia wyników

Nie rozwiązałeś tego quizu